000 00638nam a2200253Ia 4500
003 GCL
008 140319s9999 xx 000 0 eng d
040 _aGCL /
_cGCL
082 0 4 _a808.831
_bH W
100 1 _aCAMPBELL, R. J.
245 1 0 _aWRITERS OF THE FUTURE /
_cCAMPBELL, R. J.
700 1 _aHUCKSTEP, R. L.
700 1 _aBUDRYS, ALGIS
700 1 _aHUBBARD, L. RON
700 1 _aCARD, ORSON SCOTT
260 _a[S.N] :
_bNEW-ERA ،
_c1988
300 _a425 P
650 0 4 _aENGLISH LITERATURE
650 0 4 _aLITERATURE
650 0 4 _aSTORIES
650 0 4 _aENGLISH LANGUAGE
650 0 4 _aSHORT STORIES
942 _2ddc
_cBK
999 _c25153
_d25153